Linear Algebra/ (Record no. 200642)

MARC details
000 -LEADER
fixed length control field 00815nam a22002297a 4500
005 - DATE AND TIME OF LATEST TRANSACTION
control field 20240212124809.0
010 ## - LCCN (DPL NO)
LC control number ENG-139194 ENG-139184
020 ## - INTERNATIONAL STANDARD BOOK NUMBER
Terms of availability 550.00
International Standard Book Number 9789390168132
035 ## - SYSTEM CONTROL NUMBER
System control number EN-122726
035 ## - SYSTEM CONTROL NUMBER
System control number EN-122716
037 ## - SOURCE OF ACQUISITION
Source of stock number/acquisition DBAD/PUB
082 ## - DEWEY DECIMAL CLASSIFICATION NUMBER
Classification number 512.5
Edition number 5
100 ## - MAIN ENTRY--PERSONAL NAME
Personal name Friedberg, Stephen H
245 ## - TITLE STATEMENT
Title Linear Algebra/
Statement of responsibility, etc By Stephen H Friedberg; Arnold J.Insel and Lawrence E. Spence
250 ## - EDITION STATEMENT
Edition statement 5
260 ## - PUBLICATION, DISTRIBUTION, ETC. (IMPRINT)
Place of publication, distribution, etc Uttar Pradesh
Name of publisher, distributor, etc Pearson India Education Pvt Ltd
Date of publication, distribution, etc 2022
270 ## - ADDRESS
City Uttar Pradesh
Address 15th FLoor, Tower-B, World Trade Tower, Plot No.1, Block- C, Sector-16, Noida
Postal code 201301
300 ## - PHYSICAL DESCRIPTION
Extent xiii,594p.
Dimensions 25cm(pb)
Other physical details Index
700 ## - ADDED ENTRY--PERSONAL NAME
Personal name Insel , Arnold J.
9 (RLIN) 61814
Relator term Author
700 ## - ADDED ENTRY--PERSONAL NAME
Personal name Spence, Lawrence E.
Relator term Author
9 (RLIN) 61877
942 ## - ADDED ENTRY ELEMENTS (KOHA)
Source of classification or shelving scheme Dewey Decimal Classification
Item type English Books
Classification part 512.5
Call number suffix FRI
Edition 5
Holdings
Withdrawn status Lost status Not for loan Collection code Home library Current library Date acquired Source of acquisition Cost, normal purchase price Full call number Barcode Copy number Cost, replacement price Koha item type
      Non-fiction Peshwa Road Peshwa Road 12/02/2024 DBAD/PUB 550.00 512.5 FRI EN-122716 1 550.00 English Books
      Non-fiction Tri Nagar Tri Nagar 12/02/2024 DBAD/PUB 550.00 512.5 FRI EN-122726 1 550.00 English Books

© Delhi Public Library
Hit Counter
free hit counter